Desde el último banco: las mujeres en la Iglesia
محفوظ في:
| المؤلف الرئيسي: | |
|---|---|
| التنسيق: | كتاب |
| اللغة: | الإسبانية |
| منشور في: |
Madrid
PPC
2016
|
| الطبعة: | 1a. ed |
| سلاسل: | Actualidad
|
| الموضوعات: | |
| الوسوم: |
إضافة وسم
لا توجد وسوم, كن أول من يضع وسما على هذه التسجيلة!
|
MARC
| LEADER | 00000cam a2200000 a 4500 | ||
|---|---|---|---|
| 001 | UCC5368 | ||
| 003 | CL-VaPUC | ||
| 008 | 181005e20160000sp |||||||||||||||||spa|d | ||
| 020 | |a 9788428830300 | ||
| 082 | 0 | 4 | |a 262.14 |b SCA |2 21 |
| 100 | 0 | |a Scaraffia, Lucetta |e author |9 599705 | |
| 245 | 1 | 0 | |a Desde el último banco: las mujeres en la Iglesia |
| 250 | |a 1a. ed | ||
| 300 | |a 127 p | ||
| 942 | |c BK | ||
| 945 | |d 20181005 11:02:00 |a dcastane | ||
| 260 | |a Madrid |b PPC |c 2016 | ||
| 650 | 0 | |a Vida religiosa |9 257284 | |
| 650 | 7 | |a RELIGIOSIDAD |2 CL-VaPUC |9 394694 | |
| 650 | 0 | |a Historia de la iglesia |9 257565 | |
| 650 | 0 | |a Mujeres y religión |9 319387 | |
| 583 | |a last modification |c 20181005 11:02:00 |k Rodrigo Vera | ||
| 490 | 0 | |a Actualidad | |
| 999 | |c 372621 |d 372619 | ||
| 952 | |0 0 |1 0 |3 erb |4 0 |6 262_140000000000000_SCA_2016 |7 0 |8 A |9 490316 |a BIBTEO |b BIBTEO |i 5504813 |o 262.14 SCA 2016 |p 5504813 |r 2025-01-17 |w 2019-11-24 |y BK |z Catalogado en:20181005 |k ICR | ||